| 000 | 00794nam a22002657a 4500 | ||
|---|---|---|---|
| 001 | BR9508127 | ||
| 003 | BR-BrBNA | ||
| 005 | 20230928095119.0 | ||
| 007 | ta | ||
| 008 | 230509b bl.||||| |||| 00| 0 por d | ||
| 040 |
_aBR-BrBNA _bpor _cBiblioteca Nacional de Agricultura |
||
| 041 | _a(Por) | ||
| 072 | _aK10; P01 | ||
| 090 | _ K10 BR9508127 | ||
| 100 | 1 | _aAzambuja, D. de | |
| 110 | 1 |
_aUniversidade Federal Rural do Rio de Janeiro, Itaguai (Brasil) _911225 |
|
| 245 | 1 | _aRetrospectiva da minha vida funcional, uma contribuicao a memoria florestal brasileira | |
| 260 | 3 |
_aItaguai, RJ (Brasil): _c1993. |
|
| 300 | _a272 p. | ||
| 500 | _aBibliography p. 266-269 | ||
| 650 | _aFloresta | ||
| 650 | _aPreservacao da Natureza | ||
| 909 |
_a202309 _bLucia _c55 _dLucia Elande |
||
| 942 | _cBK | ||
| 999 |
_c54601 _d54601 |
||